[Event "Lyon op"]
[Site "Lyon"]
[Date "2005.04.16"]
[Round "1"]
[White "Ivanov, TG."]
[Black "Bellanca Penel, Pascal"]
[Result "1-0"]
[WhiteElo "1960"]
[BlackElo "1499"]
[PlyCount "51"]
[EventDate "2005.04.16"]
[EventType "swiss"]
[EventRounds "9"]
[EventCountry "FRA"]
[SourceTitle "CBM 105 Extra"]
[Source "ChessBase"]
[SourceDate "2005.05.01"]
[SourceVersion "1"]
[SourceVersionDate "2005.05.01"]
[SourceQuality "1"]

1. f4 Nc6 2. Nf3 d6 3. e4 e5 4. Bc4 Nf6 5. 0-0 Be6 6. Bxe6 fxe6 7. fxe5 dxe5 8. d3 Bc5+ 9. Kh1 Qd7 10. Nbd2 0-0-0 11. Nc4 Ng4 12. Qe2 h5 13. Bg5 Rdf8 14. h3 Nd4 15. Nxd4 Rxf1+ 16. Rxf1 exd4 17. hxg4 hxg4+ 18. Kg1 g3 19. Qg4 Bd6 20. e5 Be7 21. Rf7 Re8 22. Rxg7 Qa4 23. Qxe6+ Kb8 24. Rxe7 Rxe7 25. Bxe7 Qxc2 26. Qg8# 1-0